[Event "Reykjavik Kvika op"]
[Site "Reykjavik"]
[Date "2022.04.11"]
[Round "8"]
[White "Jaksland, Tim"]
[Black "Murphy, Ryan"]
[Result "1/2-1/2"]
[WhiteElo "2203"]
[BlackElo "2051"]
[PlyCount "71"]
[EventDate "2022.04.06"]
[EventType "swiss"]
[EventRounds "9"]
[EventCountry "ISL"]
[SourceTitle "CBM 207 Extra"]
[Source "ChessBase"]
[SourceDate "2022.05.31"]
[SourceVersion "1"]
[SourceVersionDate "2022.05.31"]
[SourceQuality "1"]

1. e4 c6 2. d4 d5 3. exd5 cxd5 4. Bd3 Nc6 5. c3 Nf6 6. Bf4 Bg4 7. Qb3 Qd7 8. Nd2 e6 9. Ngf3 Bd6 10. Bxd6 Qxd6 11. 0-0 0-0 12. Rae1 Ne7 13. Ne5 Bf5 14. Bxf5 Nxf5 15. g4 Nh4 16. Qd1 b5 17. Nd3 a5 18. a3 Rfc8 19. f4 Ng6 20. Qf3 Rab8 21. g5 Ne4 22. Nxe4 dxe4 23. Qxe4 Ne7 24. Re2 Nf5 25. Qe5 Qc6 26. Qe4 Qd6 27. Rd1 Qd8 28. Qf3 b4 29. axb4 axb4 30. Ne5 bxc3 31. bxc3 Qc7 32. Rd3 Qa7 33. Red2 Rb1+ 34. Rd1 Qa1 35. Rxb1 Qxb1+ 36. Qf1 1/2-1/2

[Event "Reykjavik Kvika op"]
[Site "Reykjavik"]
[Date "2022.04.07"]
[Round "2"]
[White "Murphy, Ryan"]
[Black "Skahlberg Bjerknes, Lima De Faria"]
[Result "1-0"]
[WhiteElo "2051"]
[BlackElo "1813"]
[PlyCount "161"]
[EventDate "2022.04.06"]
[EventType "swiss"]
[EventRounds "9"]
[EventCountry "ISL"]
[SourceTitle "CBM 207 Extra"]
[Source "ChessBase"]
[SourceDate "2022.05.31"]
[SourceVersion "1"]
[SourceVersionDate "2022.05.31"]
[SourceQuality "1"]

1. e4 c5 2. Nf3 g6 3. c3 d5 4. exd5 Qxd5 5. d4 Nc6 6. Be2 Bg7 7. c4 Qd8 8. d5 Nd4 9. Nxd4 cxd4 10. 0-0 Qb6 11. Na3 Nf6 12. Nc2 Ne4 13. Bd3 Nc5 14. Ne1 0-0 15. b3 a5 16. Rb1 e5 17. dxe6 Bxe6 18. Ba3 Rfd8 19. Bxc5 Qxc5 20. Qf3 Bd7 21. Be4 Bc6 22. Nd3 Bxe4 23. Qxe4 Qc6 24. Rfe1 Re8 25. Qxc6 bxc6 26. g3 Bf8 27. c5 Rab8 28. Kf1 Kg7 29. Rxe8 Rxe8 30. a3 Ra8 31. Re1 Rb8 32. b4 axb4 33. axb4 Kf6 34. Re4 Rd8 35. f4 Kf5 36. Re5+ Kf6 37. g4 h6 38. g5+ hxg5 39. fxg5+ Kg7 40. h4 Ra8 41. Re4 Rd8 42. Ke2 Kg8 43. Ne5 Rc8 44. Kd3 Bg7 45. Nf3 Kf8 46. Nxd4 Bxd4 47. Rxd4 Ke7 48. Re4+ Kd7 49. Kc4 Rc7 50. Rf4 Kc8 51. Rf6 Kb7 52. b5 cxb5+ 53. Kxb5 Re7 54. Rb6+ Kc7 55. Ra6 Kb8 56. Kb6 Re1 57. Ra4 Rc1 58. Kc6 Rc2 59. Rf4 Re2 60. Rxf7 Re6+ 61. Kd5 Re8 62. c6 Re1 63. Kd6 Rd1+ 64. Ke7 Rc1 65. Rf6 Rc4 66. Kf7 Rxh4 67. Kxg6 Kc7 68. Kg7 Rg4 69. g6 Rc4 70. Kf7 Kd8 71. g7 Rg4 72. g8Q+ Rxg8 73. Kxg8 Kc7 74. Kf7 Kb6 75. Ke7 Kc7 76. Rh6 Kb6 77. Kd7 Ka6 78. c7+ Ka7 79. Rg6 Kb7 80. c8Q+ Ka7 81. Ra6# 1-0